000 01174cam a22003011 4500
001 22165
003 BD-RjUL
005 20211209000756.0
008 140306s1967 fr 000 0 fre
035 _a(BD-RjUL)22230
035 _a(OCoLC)4106657
040 _aDLC
_cNmU
_dBD-RjUL
_beng
041 0 _afreporspa
082 0 0 _a333.335
_bCOL 1967
111 2 _aColloque international sur les problèmes agraires des Amériques latines
_d(1965 :
_cParis)
_968417
245 1 4 _aLes Problèmes agraires des Amériques latines /
_cParis 11-16 octobre 1965.
260 _aParis :
_bÉditions du Centre national de la recherche scientifique,
_c1967.
300 _a783 p. :
_billus., maps. ;
_c27 cm.
490 1 _aColloques internationaux du Centre national de la recherche scientifique. Sciences humaines
500 _aFrench, Spanish or Portuguese.
504 _aIncludes bibliographies.
650 0 _aLand tenure
_zLatin America
_vCongresses.
_968413
650 0 _aAgriculture
_xEconomic aspects
_zLatin America
_vCongresses.
_968414
651 0 _aLatin America
_xRural conditions
_vCongresses.
_968415
942 _2ddc
_cBK
999 _c22165
_d22165